| 000 | 00956cam a2200253 a 4500 | ||
|---|---|---|---|
| 001 | 000015645 | ||
| 005 | 20200929164113.0 | ||
| 008 | 981015s1998 ck a 000 0 spa | ||
| 020 | _a9588052025 | ||
| 040 |
_aDO-SdBNP _bspa _cBNPHU |
||
| 082 |
_a398.0986 _bS211s |
||
| 100 | 1 |
_aSánchez Ocampo, Carlos, _d1957- _935246 |
|
| 245 | 1 | 0 |
_aSantificad las fiestas : _breportajes y fotografías / _cCarlos Sánchez Ocampo, Eliza Mejía; presentación Ramiro Osorio Fonseca. |
| 260 |
_aSanta Fe de Bogotá, Colombia : _bMinisterio de Cultura, _c1998. |
||
| 300 |
_a230 p. : _bil. ; _c26 cm. |
||
| 650 | 4 |
_aFestividades religiosas _zColombia _935247 |
|
| 650 | 4 |
_aFiestas folklóricas _zColombia _935248 |
|
| 651 | 4 |
_aColombia _xVida Social Y Costumbres _918000 |
|
| 651 | 4 |
_aColombia _xVida Religiosa Y Costumbres _935249 |
|
| 700 | 1 |
_aMejía, Eliza. _935250 |
|
| 700 | 1 |
_aOsorio Fonseca, Ramiro _935251 |
|
| 910 | _aCatalogación por copia / LC | ||
| 049 | _aBNNGR | ||
| 999 |
_c15197 _d15197 |
||